Челобитные о солдатских детях и других членах семьи воинских чинов

RUSMARC
00005462cbc2a2200337#x 450
00132d5f0a1-6bb9-49d8-82c5-daf89b26bc0b
00520230330134741.0
100##$a20230330l17031713k###0rusy50 ca
1010#$arus
102##$aRU
1222#$ad17030804##
$ad1713######
2001#$aЧелобитные о солдатских детях и других членах семьи воинских чинов
$j4 fduecnf 1703 г. - 1713 г.
215##$a3 листа
251##$cДело
300##$aРукописный текст. Скоропись. Чернила
300##$aГербовое клеймо на листах: 2, 3
461#0$1001a5af893d-e6d0-4ab6-9405-1a2396703917
$12001
$aТюменская воеводская канцелярия. г. Тюмень Тобольской губернии
$j1604-1847
$1251
$a2 описи
$cФонд
$171001
$aТюменская воеводская канцелярия
$1852
$aГос. архив Тюменской области
$jИ-47
462#0$10015665feb0-dbd9-40d8-9972-4ff54a7e7be7
$12001
$aДела постоянного хранения
$j1604-1847
$vД. 3130
$1251
$cОпись
$1852
$aГос. архив Тюменской области
$j1
60101$2prlib_sh
$3LIBNET\UAF\0000056723
$aТобольская губернская канцелярия
$jАрхивные дела
605##$2acquisition_Prlib
$3DITM\AF\0000002775
$aВласть
$lколлекция
6061#$2nlr_sh
$3RU\NLR\AUTH\661322610
$aЗаконодательство
$yРоссия
$z18 в.
$jАрхивные дела
6061#$2prlib_sh
$3LIBNET\UAF\0000106773
$aДети военнослужащих
$xОпека
$xПравовые вопросы
$yРоссия
$z18 - нач. 20 в.
$jАрхивные дела
617##$cТюменская область
$2prlib_sh
686##$a63.3(2)511-68ю1
$vLBC/M
$2rubbk
686##$a63.3(2)511-284.1ю1
$vLBC/M
$2rubbk
801#0$aRU
$bПБ им. Б.Н. Ельцина
$c20230330
801#1$aRU
$bПБ им. Б.Н. Ельцина
$c20230330
$2rusmarc
801#2$aRU
$bПБ им. Б.Н. Ельцина
$c20230330
$gRCR
$2rusmarc
850##$aГосударственный архив Тюменской области
852##$aГос. архив Тюменской области
$j3130
8564#$nПБ им. Б.Н. Ельцина
$uhttp://readingroom.main.prlib.ru/item.aspx?id_node=n49936310&mode=full
035##$aLIBNET\0001319574
937##$d49936310
$hГос. архив Тюменской области
Формат отображения